Becoming brave : (Record no. 10553)

MARC details
000 -LEADER
fixed length control field 02095cam a22003498i 4500
001 - CONTROL NUMBER
control field 1122909998
003 - CONTROL NUMBER IDENTIFIER
control field OCoLC
005 - DATE AND TIME OF LATEST TRANSACTION
control field 20250116131907.0
008 - FIXED-LENGTH DATA ELEMENTS--GENERAL INFORMATION
fixed length control field 191211s2020 miu b 000 0 eng
020 ## - INTERNATIONAL STANDARD BOOK NUMBER
International Standard Book Number 9781587434471
020 ## - INTERNATIONAL STANDARD BOOK NUMBER
International Standard Book Number 1587434474
035 ## - SYSTEM CONTROL NUMBER
System control number (OCoLC)1122909998
Canceled/invalid control number (OCoLC)1190580404
-- (OCoLC)1228170501
040 ## - CATALOGING SOURCE
Original cataloging agency DLC
Language of cataloging eng
Description conventions rda
Transcribing agency DLC
Modifying agency OCLCF
-- OCLCO
-- SVP
-- ILM
-- PNX
-- UAP
-- OCLCO
-- UKMGB
-- ILC
-- OCLCO
-- OCL
-- OCLCO
-- Z#6
-- ATH
082 00 - DEWEY DECIMAL CLASSIFICATION NUMBER
Classification number 261.8
Edition information 23
Item number MCN
100 1# - MAIN ENTRY--PERSONAL NAME
Personal name McNeil, Brenda Salter,
Dates associated with a name 1955-
Relator term author.
245 10 - TITLE STATEMENT
Title Becoming brave :
Remainder of title finding the courage to pursue racial justice now /
Statement of responsibility, etc. Brenda Salter McNeil ; [foreword by Austin Channing Brown].
264 #1 - PRODUCTION, PUBLICATION, DISTRIBUTION, MANUFACTURE, AND COPYRIGHT NOTICE
Place of production, publication, distribution, manufacture Grand Rapids, Michigan :
Name of producer, publisher, distributor, manufacturer Brazos Press, a division of Baker Publishing Group,
Date of production, publication, distribution, manufacture, or copyright notice [2020]
300 ## - PHYSICAL DESCRIPTION
Extent 207 pages :
Dimensions 23 cm
336 ## - CONTENT TYPE
Content type term text
Content type code txt
Source rdacontent
337 ## - MEDIA TYPE
Media type term unmediated
Media type code n
Source rdamedia
338 ## - CARRIER TYPE
Carrier type term volume
Carrier type code nc
Source rdacarrier
504 ## - BIBLIOGRAPHY, ETC. NOTE
Bibliography, etc. note Includes bibliographical references (pages 201-207).
505 0# - FORMATTED CONTENTS NOTE
Formatted contents note Foreword by Austin Channing Brown -- Preface -- The law of timing -- The making of an activist -- What called you forth? -- When politics becomes personal -- Palace living -- The prophetic power of lament -- What's going on? -- Healing the disconnection -- Breaking our silence -- Intercessors for justice -- Speaking truth to power -- The reconciling power of women -- Conclusion: Seizing our moment of destiny.
520 ## - SUMMARY, ETC.
Summary, etc. McNeil offers a distinctly Christian framework for addressing systemic injustice. Looking through the lens of the biblical narrative of Esther, she challenges us to be everyday activists who become courageous enough to break the silence. By working together, we can repair the broken systems of injustice. -- adapted from back cover
600 00 - SUBJECT ADDED ENTRY--PERSONAL NAME
Personal name Esther,
Titles and other words associated with a name Queen of Persia.
650 #0 - SUBJECT ADDED ENTRY--TOPICAL TERM
Topical term or geographic name entry element Christianity and justice.
650 #0 - SUBJECT ADDED ENTRY--TOPICAL TERM
Topical term or geographic name entry element Race relations
General subdivision Religious aspects
-- Christianity.
650 #0 - SUBJECT ADDED ENTRY--TOPICAL TERM
Topical term or geographic name entry element Reconciliation
General subdivision Religious aspects
-- Christianity.
650 #0 - SUBJECT ADDED ENTRY--TOPICAL TERM
Topical term or geographic name entry element Church and minorities.
700 1# - ADDED ENTRY--PERSONAL NAME
Personal name Brown, Austin Channing,
Relator term writer of foreword.
942 ## - ADDED ENTRY ELEMENTS (KOHA)
Source of classification or shelving scheme Dewey Decimal Classification
Koha item type Books
Holdings
Withdrawn status Lost status Source of classification or shelving scheme Damaged status Not for loan Home library Current Library Shelving location Date acquired Source of acquisition Total checkouts Full call number Barcode Date last seen Copy number Price effective from Koha item type
    Dewey Decimal Classification     GRACE BIBLE COLLEGE GRACE BIBLE COLLEGE Ministry & Mission 2025-01-16 TBN   261.8 MCN 020897 2025-05-01 c.1 2025-01-16 Books
© Grace Bible College Library 2025